Proximate composition of American food materials. (Record no. 10033)
[ view plain ]
| 000 -LEADER | |
|---|---|
| fixed length control field | 01065cam a22003251 4500 |
| 001 - CONTROL NUMBER | |
| control field | agr40000303 |
| 003 - CONTROL NUMBER IDENTIFIER | |
| control field | DLC |
| 005 - DATE AND TIME OF LATEST TRANSACTION | |
| control field | 20260227110958.0 |
| 008 - FIXED-LENGTH DATA ELEMENTS--GENERAL INFORMATION | |
| fixed length control field | 810725s1940 xx 000 0 eng |
| 010 ## - LIBRARY OF CONGRESS CONTROL NUMBER | |
| LC control number | agr40000303 |
| 035 ## - SYSTEM CONTROL NUMBER | |
| System control number | (OCoLC)14729770 |
| 040 ## - CATALOGING SOURCE | |
| Original cataloging agency | DLC |
| Transcribing agency | DNLM |
| Modifying agency | OYU |
| -- | DNAL |
| -- | OCoLC |
| -- | DLC |
| 042 ## - AUTHENTICATION CODE | |
| Authentication code | premarc |
| 043 ## - GEOGRAPHIC AREA CODE | |
| Geographic area code | n-us--- |
| 050 00 - LIBRARY OF CONGRESS CALL NUMBER | |
| Classification number | TX531 |
| Item number | .C5 |
| 060 00 - NATIONAL LIBRARY OF MEDICINE CALL NUMBER | |
| Classification number | QU 145 |
| Item number | C492p 1940 |
| 070 0# - NATIONAL AGRICULTURAL LIBRARY CALL NUMBER | |
| Classification number | 1 |
| Item number | Ag84C no.549 |
| 072 0# - SUBJECT CATEGORY CODE | |
| Subject category code | Q500 |
| 082 ## - DEWEY DECIMAL CLASSIFICATION NUMBER | |
| Classification number | 641.1 |
| 100 1# - MAIN ENTRY--PERSONAL NAME | |
| Personal name | Chatfield, Charlotte, |
| Dates associated with a name | 1893- |
| 245 10 - TITLE STATEMENT | |
| Title | Proximate composition of American food materials. |
| Statement of responsibility, etc. | By Charlotte Chatfield ... and Georgian Adams ... |
| 260 ## - PUBLICATION, DISTRIBUTION, ETC. | |
| Place of publication, distribution, etc. | [Washington, |
| Name of publisher, distributor, etc. | U.S. Govt. print. off., |
| Date of publication, distribution, etc. | 1940] |
| 300 ## - PHYSICAL DESCRIPTION | |
| Extent | cover-title, 91, [1] p. |
| Other physical details | ill. |
| 490 1# - SERIES STATEMENT | |
| Series statement | United States. Dept. of Agriculture Circular |
| Volume/sequential designation | no. 549 |
| 500 ## - GENERAL NOTE | |
| General note | Contribution from Bureau of home economics. |
| 504 ## - BIBLIOGRAPHY, ETC. NOTE | |
| Bibliography, etc. note | "Literature cited": p. 91 |
| 650 #0 - SUBJECT ADDED ENTRY--TOPICAL TERM | |
| Topical term or geographic name entry element | Food |
| General subdivision | Analysis. |
| 700 1# - ADDED ENTRY--PERSONAL NAME | |
| Personal name | Adams, Georgian, |
| Dates associated with a name | 1897- |
| 810 10 - SERIES ADDED ENTRY--CORPORATE NAME | |
| Corporate name or jurisdiction name as entry element | United States. |
| Subordinate unit | Department of Agriculture. |
| Title of a work | Circular |
| Volume/sequential designation | no. 549. |
No items available.